000
00335nam a2200133Ia 4500
008
190723s9999 xx 000 0 und d
020
_a
13:978-0-07-067155-3
100
_a
John D Kraus
245
0
_a
Antennas and Wave Propagation
250
_a
4th
260
_a
New Delhi
_b
Tata McGraw Hill
_c
2012
300
_a
906.:P
942
_c
BK
999
_c
1423
_d
1423